000 004710000a22001930004500
001 001799
003 MACL
005 20150816150118.0
008 150816b xxu||||| |||| 00| 0 eng d
040 _aMACL
_cMACL
041 _aEnglish
082 _a523.4/BAS
100 _aBasu Biman,
_95860
245 _aInner Planets
_bMore Than 150 Facts
_cBasu Biman
260 _aNew Delhi
_c2005
_bSchalastic
350 _a40
650 _aAstronomy
_95924
942 _k523
_cBK
_2ddc
999 _c13715
_d13715